| 000 | 00804nam a2200277 a 4500 | ||
|---|---|---|---|
| 001 | 45991 | ||
| 003 | BD-RjUL | ||
| 005 | 20211209054108.0 | ||
| 008 | 161221s1963 paua b 000 0 eng d | ||
| 035 | _a(BD-RjUL)46109 | ||
| 040 |
_aDLC _cFUG _dBD-RjUL _beng |
||
| 041 | _aeng | ||
| 082 |
_a302.3 _bBES 1963 _223 |
||
| 100 | 1 | 0 |
_aBerne, Eric. _9140626 |
| 245 | 1 | 4 |
_aThe structure and dynamics of organizations and groups / _cEric Berne |
| 260 |
_aPhiladelphia : _bLippincott, _c1963 |
||
| 300 |
_a260 p. : _bill. ; _c24 cm. |
||
| 504 | _aIncludes bibliography | ||
| 650 | 0 |
_aSocial groups _9125651 |
|
| 650 | 0 |
_aLeadership _9125653 |
|
| 650 | 2 |
_aGroup Processes _9140627 |
|
| 650 | 2 |
_aGroup Structure _9140628 |
|
| 650 | 2 |
_aLeadership _9125653 |
|
| 650 | 2 |
_aSocial Behavior _9140629 |
|
| 942 |
_2ddc _cBK |
||
| 999 |
_c45991 _d45991 |
||